| 000 | 00724nam a2200217 u 4500 | ||
|---|---|---|---|
| 005 | 20221019063517.0 | ||
| 008 | 110209s2010 es r 000 0 spa d | ||
| 020 | _a9788499210681 | ||
| 035 | _aUPN01000179338 | ||
| 049 | _aCG | ||
| 050 | 4 |
_aPC4143 _bL3.2 |
|
| 100 | 1 | _aLapedriza, Gemma | |
| 245 | 0 | 4 |
_aLos acentos : _bpara aprender las normas y usos de la acentuación del español / _cGemma Lapedriza, Emilia del Hoyo. |
| 260 |
_aBarcelona, Esp. : _bOctaedro, _c2010. |
||
| 300 | _a61 p. | ||
| 650 | 7 |
_aEspañol _xOrtografía _xEstudio y enseñanza _2 _917785 |
|
| 650 | 4 |
_aESPAÑOL - _xACENTOS Y ACENTUACION _917059 |
|
| 650 | 7 |
_aEspañol _xGramática _2 _914623 |
|
| 700 | 1 |
_aHoyo, Emilia del, _ecoaut. |
|
| 905 | _aLibro | ||
| 999 |
_c151441 _d151441 |
||